000 01437cam a2200397 a 4500
005 20260322212016.0
008 data
010 _a 88035163
020 _a0385246277 :
_c{dollar}12.95 ({dollar}16.95 Can.)
020 _a0385246285 (lib. bdg.)
020 _a9780823085712 (pbk.)
020 _a9780385246279 :
_c{dollar}12.95 ({dollar}16.95 Can.)
020 _a9780385246286 (lib. bdg.)
040 _aDLC
_cDLC
_dDLC
042 _alcac
050 0 0 _aNC781
_b.A44 1989
082 0 0 _a743/.6
_219
092 _a743 A44 1989
100 1 _aAmes, Lee J.
245 1 0 _aDraw 50 sharks, whales, and other sea creatures /
_cLee J. Ames & Warren Budd.
250 _a1st ed.
260 _aNew York :
_bDoubleday,
_cc1989.
300 _a[63] p. :
_bchiefly col. ill. ;
_c32 cm.
520 _aProvides step-by-step instructions for drawing a variety of sharks, whales, and other sea creatures, including the hammerhead shark, humpback whale, and giant sea turtle.
650 0 _aSharks in art
_xJuvenile literature.
650 0 _aWhales in art
_xJuvenile literature.
650 0 _aMarine animals in art
_xJuvenile literature.
650 0 _aDrawing
_xJuvenile literature.
_xJuvenile literature.
650 1 _aSharks in art.
650 1 _aWhales in art.
650 1 _aMarine animals in art.
650 1 _aDrawing
_xTechnique.
700 1 _aBudd, Warren.
740 0 _aDraw fifty sharks, whales, and other sea creatures.
001 data
999 _c351
_d351